Catálogo
 En Linea

La prevención comunitaria del delito : (Registro nro. 42454)

Detalles MARC
000 -CABECERA
campo de control de longitud fija 00724nam a2200205 a 4500
001 - NÚMERO DE CONTROL
campo de control 000042965
005 - FECHA Y HORA DE LA ÚLTIMA TRANSACCIÓN
campo de control 20201002040532.0
008 - DATOS DE LONGITUD FIJA--INFORMACIÓN GENERAL
campo de control de longitud fija 140213s1997 xxu 000 0 spa d
020 ## - NÚMERO INTERNACIONAL ESTÁNDAR DEL LIBRO
Número Internacional Estándar del Libro 9977060096
040 ## - FUENTE DE LA CATALOGACIÓN
Centro catalogador/agencia de origen DO-SdBNP
Lengua de catalogación spa
Centro/agencia transcriptor BNPHU
100 1# - ENTRADA PRINCIPAL--NOMBRE DE PERSONA
Nombre de persona Chinchilla, Laura
9 (RLIN) 29678
245 13 - MENCIÓN DE TÍTULO
Título La prevención comunitaria del delito :
Resto del título perspectivas para América Latina /
Mención de responsabilidad, etc. Laura Chinchilla, José Ma. Rico.
260 ## - PUBLICACIÓN, DISTRIBUCIÓN, ETC.
Lugar de publicación, distribución, etc. Miami, Florida, :
Nombre del editor, distribuidor, etc. Centro para la Administración de Justicia,
Fecha de publicación, distribución, etc. 1997.
300 ## - DESCRIPCIÓN FÍSICA
Extensión 72 p. ;
Dimensiones 21 cm.
490 1# - MENCIÓN DE SERIE
Mención de serie Monografias
Designación de volumen o secuencia 6
500 ## - NOTA GENERAL
Nota general Incluye notas a pie de páginas
500 ## - NOTA GENERAL
Nota general Incluye datos biografícos de los autores
700 1# - PUNTO DE ACCESO ADICIONAL--NOMBRE DE PERSONA
Nombre de persona Rico, José Ma.
9 (RLIN) 70460
830 #0 - PUNTO DE ACCESO ADICIONAL DE SERIE-TÍTULO UNIFORME
Título uniforme Monografias
Designación de volumen o secuencia 6
9 (RLIN) 15334
Existencias
Estado de retiro Estado de pérdida Restricciones de uso No para préstamo Código de colección Localización permanente Ubicación/localización actual Ubicación en estantería Fecha de adquisición Número de inventario Total de préstamos Signatura topográfica completa Código de barras Fecha visto por última vez Precio válido a partir de Tipo de ítem Koha
      Excluido de préstamo Monografías: Libros y Folletos General General En catalogación 13.02.2014 LF1   42965-10 25.06.2020 25.06.2020 No se presta

Con tecnología Koha